01386nam a2200277 a 4500001001000000003000900010005001700019007000300036008004100039040002500080082002100105100002800126245009900154260003800253300003700291500006300328504007300391504003200464505028500496650001600781650002400797651006900821651006500890651007000955710008301025000000812DO-SdBNP20250808115015.0ta090522s198u dr bc 000 0 spa d aDO-SdBNPbspacBNPHU 4a305.8bA958b2221 aÁvila Suero, Víctor10aBarreras :bestudio etnográfico de una comunidad rural dominicana /cVíctor Ávila Suero. aSanto Domingo :bUNAPEC,c[198?]. a189 p. :bmapa, retrs. ;c22 cm. aIncluye datos biográficos del autor en la contracubierta aIncluye referencias bibliográficas y notas al pie de las páginas aBibliografía : p. 183-1890 aPrefacio --tAgradecimientos --tEl contexto geográfico --tLa economía --tLa religión --tSupersticiones, tradiciones y diversión --tSalud y curanderismo --tMatrimonio y familia --tProblemas comunitario --tConflicto y cambio social --tApéndice --tBibliografía. 4aEtnología 0aComunidades rurales 4aBarreras Azua (República Dominicana)xVida social y costumbres 4aBarreras Azua, República Dominicana)xCondiciones sociales 4aBarreras, Azua (República Dominicana)xCondiciones económicas2 aUniversidad Acción Pro-Educación y Cultura UNAPEC (República Dominicana)